Statistiques concernant Inventeurs célèbres

Cliquez ici pour prendre le quiz!

Statistiques générales

  • Ce quiz a été pris 61 fois
  • Le résultat moyen est 9 sur 29

Statistiques - réponses

InventionRéponse% Correct
Vaccin contre la rageLouis Pasteur
79%
TéléphoneAlexander Graham Bell
77%
CinématographeLouis Lumière
77%
PoubelleEugène Poubelle
73%
MontgolfièreFrères Montgolfier
65%
DynamiteAlfred Nobel
62%
RevolverSamuel Colt
62%
ParatonnerreBenjamin Franklin
56%
Langage pour malvoyantsLouis Braille
56%
Pile électriqueAlessandro Volta
54%
SandwichJohn Montagu
42%
Moteur à dieselRudolf Diesel
38%
Phonographe, kinétoscopeThomas Edison
33%
AK-47Mikhaïl Kalachnikov
27%
AvionClément Ader
23%
Machine à vapeurJames Watt
21%
PneumatiqueJohn Boyd Dunlop
15%
Boite de conserveNicolas Appert
15%
TélescopeIsaac Newton
13%
ParachuteLéonard de Vinci
12%
Scaphandre autonomeJacques-Yves Cousteau
6%
Coca-colaJohn Pemberton
4%
Avion de ligneWilliam Edward Boeing
4%
AutomobileNicolas Joseph Cugnot
2%
RadioNikola Tesla
2%
Moteur à combustion et à explosionCharles-Joseph Dusaulx
0%
Béton arméJoseph Monier
0%
Bicyclette à deux rouesPierre Michaux
0%
TrainRichard Trevithick
0%

Distribution des résultats

Percentile par nombre de réponses

% des personnes avec chaque résultat

Votre développement - résultats

Vous n’avez pas pris ce quiz